Theory and practice of cryptography solutions for secure information systems / (رقم التسجيلة. 38349)
[ عرض عادي ]
| 000 -الفاتح | |
|---|---|
| حقل البيانات ثابتة الطول | 01881cam a2200349 i 4500 |
| 001 - رقم الضبط | |
| رقم الضبط | 17677377 |
| 003 - محدد رقم الضبط | |
| رقم الضبط | OSt |
| 005 - وقت وتاريخ اخر تعامل مع التسجيلة | |
| رقم الضبط | 20151012161826.0 |
| 008 - عناصر البيانات ثابتة الطول - معلومات عامة | |
| حقل البيانات ثابتة الطول | 130328t20132013paua b 001 0 eng |
| 010 ## - رقم ضبط مكتبة الكونجرس | |
| رقم ضبط مكتبة الكونجرس | 2013001015 |
| 020 ## - الرقم الدولى المعيارى للكتب | |
| الرقم الدولى المعيارى للكتاب | 9781466640306 (hardcover) |
| 020 ## - الرقم الدولى المعيارى للكتب | |
| الرقم الدولى المعيارى للكتاب | 1466640308 (hardcover) |
| 020 ## - الرقم الدولى المعيارى للكتب | |
| الرقم الدولى المعيارى للكتاب الملغى /الخاطئ | 9781466640313 (ebook) |
| 020 ## - الرقم الدولى المعيارى للكتب | |
| الرقم الدولى المعيارى للكتاب الملغى /الخاطئ | 9781466640320 (print & perpetual access) |
| 040 ## - مصدر الفهرسة | |
| وكالة الفهرسة الأصلية | DLC |
| لغة الفهرسة | eng |
| وكالة النسخ | DLC |
| قواعد الوصف | rda |
| وكالة التعديل | DLC |
| 042 ## - رمز التحقق | |
| رمز التحقق | pcc |
| 050 00 - رقم طلب مكتبة الكونجرس | |
| رقم التصنيف | QA76.9.A25 |
| رقم المادة | T4725 2013 |
| 082 00 - رقم تصنيف ديوى العشرى | |
| رقم التصنيف | 005.8 |
| رقم الطبعة | 23 |
| رقم المادة | THP |
| 245 00 - بيان العنوان | |
| العنوان | Theory and practice of cryptography solutions for secure information systems / |
| بيان المسئوليه,etc | Atilla Elçi, Aksaray University, Turkey, Josef Pieprzyk, Macquarie University, Australia, Alexander G. Chefranov, Eastern Mediterranean University, North Cyprus, Mehmet A. Orgun, Macquarie University, Australia, Huaxiong Wang, Nanyang Technological University, Singapore, Rajan Shankaran, Macquarie University, Australia, [editors]. |
| 300 ## - الوصف المادى | |
| التعداد | xxvi, 583 pages : |
| تفاصيل ماديه اخرى للوعاء | illustrations ; |
| أبعاد الوعاء | 29 cm |
| 490 0# - بيان السلسلة | |
| عنوان السلسلة | Advances in information security, privacy, and ethics (AISPE) book series, |
| الرقم الدولى المعيارى للدوريات | 1948-9730 |
| 490 0# - بيان السلسلة | |
| عنوان السلسلة | Premier reference source |
| 504 ## - تبصرة ببليوجرافية | |
| تبصرة ببليوجرافية,الخ | Includes bibliographical references (pages 530-568) and index. |
| 520 ## - التبصرة الخاصة بالتعليق أو التلخيص | |
| ملخص,الخ | "This book explores current trends in IS security technologies, techniques, and concerns, primarily through the use of cryptographic tools to safeguard valuable information resources"-- |
| 650 #0 - المدخل الاضافى بالموضوع-مصطلح موضوعى | |
| مصطلح موضوعي أو اسم جغرافي كعنصر مدخل | Computer security. |
| 9 (RLIN) | 51961 |
| 650 #0 - المدخل الاضافى بالموضوع-مصطلح موضوعى | |
| مصطلح موضوعي أو اسم جغرافي كعنصر مدخل | Data encryption (Computer science) |
| 9 (RLIN) | 51962 |
| 650 #0 - المدخل الاضافى بالموضوع-مصطلح موضوعى | |
| مصطلح موضوعي أو اسم جغرافي كعنصر مدخل | Computer networks |
| التقسيم الفرعي العام | Security measures. |
| 9 (RLIN) | 51963 |
| 700 1# - المدخل الاضافى - اسم شخصى | |
| الإسم الشخصى | Elçi, Atilla, |
| الدور | editor of compilation. |
| 9 (RLIN) | 51964 |
| 906 ## - عنصر بيانات محلى F, LDF (RLIN) | |
| a | 7 |
| b | cbc |
| c | orignew |
| d | 1 |
| e | ecip |
| f | 20 |
| g | y-gencatlg |
| 942 ## - عناصر المدخل الإضافي( كوها) | |
| مصدر التصنيف او مخطط الترفيف | Dewey Decimal Classification |
| Koha [default] item type | كتاب |
| حالة الفقد | نموذج السعر الفعال | حالة تلف | ليس للاعارة | رقم الطلب | تاريخ الاكتساب | الموقع الحالي | الباركود | الفرع الرئيسي | Date last checked out | Date last seen | نوع المادة فى نظام كوها | مصدر التصنيف او خطة الترفيف | Total Checkouts |
|---|---|---|---|---|---|---|---|---|---|---|---|---|---|
| 2015-10-12 | 005.8 THP | 2015-10-12 | المكتبة المركزية بالمجمعة (CL) | 00653887 | المكتبة المركزية بالمجمعة (CL) | 2015-10-26 | 2016-01-06 | كتاب | Dewey Decimal Classification | 1 | |||
| 2015-10-12 | 005.8 THP | 2015-10-12 | المكتبة المركزية بالمجمعة (CL) | 00653888 | المكتبة المركزية بالمجمعة (CL) | 2015-10-12 | كتاب | Dewey Decimal Classification | |||||
| 2015-10-12 | 005.8 THP | 2015-10-12 | المكتبة المركزية بالمجمعة (CL) | 00653889 | المكتبة المركزية بالمجمعة (CL) | 2015-10-12 | كتاب | Dewey Decimal Classification | |||||
| 2015-10-15 | 005.8 THP | 2015-10-15 | مكتبة مجمع الكليات بالزلفى - طلاب (SZM) | 00654539 | مكتبة مجمع الكليات بالزلفى - طلاب (SZM) | 2015-10-15 | كتاب | Dewey Decimal Classification | |||||
| 2015-10-15 | 005.8 THP | 2015-10-15 | مكتبة مجمع الكليات بالزلفى - طلاب (SZM) | 00654540 | مكتبة مجمع الكليات بالزلفى - طلاب (SZM) | 2015-10-15 | كتاب | Dewey Decimal Classification |
